| 000 | 04338cgm a2200793Ia 4500 | ||
|---|---|---|---|
| 003 | OCoLC | ||
| 005 | 20241220111654.0 | ||
| 007 | vd cvaizk | ||
| 008 | 040809s2004 cau092 g vaeng d | ||
| 001 | ocm56116207 | ||
| 020 | _a0783298102 | ||
| 020 | _a9780783298108 | ||
| 024 | 1 | _a678149087321 | |
| 028 | 4 | 2 |
_a90873 _bDreamWorks Home Entertainment |
| 035 | _a(Sirsi) i9780783298108 | ||
| 035 | _a(OCoLC)56116207 | ||
| 037 |
_bMidwest Tapes _nhttp://www.midwesttapes.com |
||
| 040 |
_aTEFMT _cTEFMT _dTEF _dUVU _dOCL _dWHP _dRCS _dLEO _dBTCTA _dUINTA |
||
| 041 | 1 |
_aeng _afre _aspa _beng _bfre _bspa _heng |
|
| 049 | _aUCLB | ||
| 082 | 0 | 4 |
_a791.43/72 _222 |
| 090 |
_aPN1997.5 _b.S562 2004 |
||
| 082 | _a791.437 | ||
| 092 | _a791.437 | ||
| 245 | 0 | 0 |
_aShrek 2 _h[videorecording] / _cDreamWorks Pictures presents a PDI/ DreamWorks production ; produced by David Lipman, Aron Warner, John H. Williams ; screenplay by Andrew Adamson and Joe Stillman and J. David Stem & David N. Weiss ; directed by Andrew Adamson, Kelly Asbury, Conrad Vernon. |
| 246 | 3 | _aShrek two | |
| 250 | _aFull screen | ||
| 260 |
_aUniversal City, CA : _bDreamWorks Home Entertainment, _cc2004. |
||
| 300 |
_a1 videodisc (ca. 92 min.) : _bsd., col. ; _c4 3/4 in. |
||
| 538 | _aDVD, region 1, full screen (1.33:1) presentation; Dolby Digital 5.1 surround, Dolby Digital 2.0 surround, Dolby Digital 2.0 stereo. | ||
| 546 | _aEnglish, dubbed French or dubbed Spanish dialogue with optional English, French or Spanish subtitles, English captions. | ||
| 500 | _aTitle from container. | ||
| 511 | 0 | _aVoices: Mike Myers, Eddie Murphy, Cameron Diaz, Julie Andrews, Antonio Banderas, John Cleese, Rupert Everett, Jennifer Saunders, Aron Warner. | |
| 508 | _aArt director, Steve Pilcher ; editor, Michael Andrews ; music by, Harry Gregson-Williams ; costume designer, Isis Mussenden ; production designer, Guillaume Aretos ; visual effects supervisor, Ken Bielenberg ; character animator, Cassidy Curtis. | ||
| 521 | 8 | _aMPAA rating: PG; for some crude humor, a brief substance reference and some suggestive content. | |
| 520 | _aRight after Shrek and Princess Fiona's honeymoon, the newly wed couple goes to Princess Fiona's parents for dinner. When a Fairy Godmother discovers Fiona and Shrek are married she reminds the king about a deal they areed on years ago, that Fiona should have married her son, who happens to be Prince Charming. The King then hires a cat named Puss-in-Boots, a sword fighting cat and ogre slayer, to kill Shrek. | ||
| 500 | _aBonus features: hilarious technical goofs; meet Puss-in-Boots - there's more to this feline ogre-killer than just a furry face; filmmakers' commentary; the tech of 'Shrek 2'; a sneak peek from DreamWorks animation; DreamWorks Kids - this way to play! - over 20 games and activites including "Save Fiona!" and "Find Puss-in-Boots"; Shrek's music room: Counting Crows music video; sing-along with the Fairy Godmother. | ||
| 650 | 0 |
_aGhouls and ogres _vDrama. _95685834 |
|
| 650 | 0 |
_aPrincesses _vDrama. _95698097 |
|
| 650 | 0 |
_aFairy godmothers _vDrama. _95698096 |
|
| 650 | 0 |
_aMarried people _vDrama. _95681961 |
|
| 650 | 7 |
_aPrincesas _vTeatro. _2bidex _96479481 |
|
| 650 | 7 |
_aPersonas casadas _vTeatro. _2bidex _96396916 |
|
| 650 | 4 |
_aGhouls and ogres _vDrama. _95685834 |
|
| 650 | 4 |
_aPrincesses _vDrama. _95698097 |
|
| 650 | 4 |
_aFairy godmothers _vDrama. _95698096 |
|
| 650 | 4 |
_aMarried people _vDrama. _95681961 |
|
| 655 | 0 |
_aFeature films. _96118450 |
|
| 655 | 7 |
_aChildren's _vAnimation _vFeature. _2local _95693066 |
|
| 655 | 7 |
_aComedy _vAnimation _vFeature. _2local _95693065 |
|
| 700 | 1 |
_aAdamson, Andrew. _967169 |
|
| 700 | 1 |
_aAsbury, Kelly. _944235 |
|
| 700 | 1 |
_aVernon, Conrad. _972122 |
|
| 700 | 1 |
_aMyers, Mike, _d1963- _938029 |
|
| 700 | 1 |
_aMurphy, Eddie, _d1961- _921749 |
|
| 700 | 1 |
_aDiaz, Cameron. _963108 |
|
| 700 | 1 |
_aAndrews, Julie. _92583 |
|
| 700 | 1 |
_aBanderas, Antonio. _938020 |
|
| 700 | 1 |
_aCleese, John. _915032 |
|
| 700 | 1 |
_aEverett, Rupert. _937365 |
|
| 700 | 1 |
_aSaunders, Jennifer. _940055 |
|
| 700 | 1 |
_aGregson-Williams, Harry. _964639 |
|
| 710 | 2 |
_aDreamWorks Home Entertainment (Firm) _965518 |
|
| 710 | 2 |
_aUniversal Studios Home Video (Firm) _965216 |
|
| 938 |
_aBaker and Taylor _bBTCP _nbe2004111966 |
||
| 942 |
_cDVD _0782 |
||
| 994 |
_aC0 _bUINTA |
||
| 998 | _aa41144 | ||
| 999 |
_c20295 _d20295 |
||